Normal view
MARC view
Entry Topical Term
001 - CONTROL NUMBER
- control field: 54985
003 - CONTROL NUMBER IDENTIFIER
- control field: OSt
005 - DATE AND TIME OF LATEST TRANSACTION
- control field: 20241009155807.0
008 - FIXED-LENGTH DATA ELEMENTS
- fixed length control field: 241009|| aca||aabn | a|a d
040 ## - CATALOGING SOURCE
- Original cataloging agency: OSt
- Transcribing agency: OSt
150 ## - HEADING--TOPICAL TERM
- Topical term or geographic name entry element: ရွှေဆ့တော်ဘုရား
- Form subdivision: သမိုင်း
670 ## - SOURCE DATA FOUND
- Source citation: Work cat.: (OSt)16821: ချမ်းမြ၊ ဦး(မဟာဝိဇ္ဇာဘွဲ့ရ) 17402, တောင်ငူရာဇဝင်အကျဉ်းချုပ်နှင့်ရွှေဆံတော်ဘုရားသမိုင်း /, ၁၉၉၁။